| 000 | 00808 a2200229 4500 | ||
|---|---|---|---|
| 999 |
_c7529 _d7529 |
||
| 020 | _a0797419845 | ||
| 050 | 0 | 0 | _aDT2925SIT1999 |
| 245 | 0 | 0 |
_aSites of struggle : _bessays in Zimbabwe's urban history / _cedited by Brian Raftopoulos and Tsuneo Yoshikuni. |
| 264 |
_aHarare: _bWeaver Press, _c1999 |
||
| 300 | _avii, 279 p. ; | ||
| 500 | _aincludes table of contents | ||
| 504 | _aIncludes bibliographical references (p. 275-278). | ||
| 650 | 0 |
_aCities and towns _xHistory. |
|
| 650 | 0 |
_aUrbanization _xHistory. |
|
| 651 | 0 | _aZimbabwe | |
| 651 | 0 | _aZimbabwe | |
| 700 | 1 | _aRaftopoulos, Brian. | |
| 700 | 1 | _aYoshikuni, Tsuneo. | |
| 856 | 4 | 2 |
_3Book review (H-Net) _uhttp://www.h-net.org/review/hrev-a0b7t8-aa |
| 942 |
_2lcc _cBK _h2925 _iSIT _kDT |
||